Saludables / (Record no. 21821)

MARC details
000 -LEADER
fixed length control field 00693 a2200241 4500
001 - CONTROL NUMBER
control field sjds
003 - CONTROL NUMBER IDENTIFIER
control field sjds
005 - DATE AND TIME OF LATEST TRANSACTION
control field 20250122095452.0
008 - FIXED-LENGTH DATA ELEMENTS--GENERAL INFORMATION
fixed length control field 250122b |||||||| |||| 00| 0 spa d
020 ## - INTERNATIONAL STANDARD BOOK NUMBER
International Standard Book Number 9780780232501 (pbk.)
020 ## - INTERNATIONAL STANDARD BOOK NUMBER
International Standard Book Number 078023250X (pbk.)
020 ## - INTERNATIONAL STANDARD BOOK NUMBER
International Standard Book Number 799070325006 (UPC)
040 ## - CATALOGING SOURCE
Transcribing agency sjds
041 ## - LANGUAGE CODE
Language code of text/sound track or separate title spa
100 ## - MAIN ENTRY--PERSONAL NAME
Personal name Nelson, JoAnne
245 ## - TITLE STATEMENT
Title Saludables /
Statement of responsibility, etc. por JoAnne Nelson ; dibujos por Michael McKinnell.
260 ## - PUBLICATION, DISTRIBUTION, ETC. (IMPRINT)
Place of publication, distribution, etc. Bothell, WA :
Name of publisher, distributor, etc. Wright Group,
Date of publication, distribution, etc. c1995.
300 ## - PHYSICAL DESCRIPTION
Extent 24 pages :
Dimensions 27 cm
Other physical details color illustrations ; .
440 ## - SERIES STATEMENT/ADDED ENTRY--TITLE
Title Primarily health.
500 ## - GENERAL NOTE
General note Translation of: Feeling fit, that's it!
700 ## - ADDED ENTRY--PERSONAL NAME
Personal name McKinnell, Michael
942 ## - ADDED ENTRY ELEMENTS (KOHA)
Koha item type Libro/Book
Holdings
Withdrawn status Lost status Damaged status Not for loan Home library Current library Date acquired Inventory number Total Checkouts Full call number Barcode Date last seen Date checked out Price effective from Koha item type
        Azul y Blanco -- Satellite Azul y Blanco -- Satellite 14/05/2019 inventory date: 22-1-25 1 JI 35200231 22/11/2022 25/04/2022 14/05/2019 Libro/Book

Powered by Koha